| 000 | 01275nam a2200325 a 4500 | ||
|---|---|---|---|
| 001 | ebr10007042 | ||
| 003 | CaPaEBR | ||
| 006 | m u | ||
| 007 | cr cn||||||||| | ||
| 008 | 020916s2001 enka s 001 0 eng | ||
| 015 | _aGBA2-61539 | ||
| 016 | 7 |
_a192899427x _2Uk |
|
| 020 | _z192899427X(pbk.) | ||
| 040 |
_aCaPaEBR _cCaPaEBR |
||
| 035 | _a(OCoLC)70732648 | ||
| 050 | 1 | 4 |
_aQA76.9.A25 _bH334 2001eb |
| 082 | 0 | 4 |
_a005.8 _221 |
| 245 | 0 | 0 |
_aHack proofing your e-commerce site _h[electronic resource] : _bthe only way to stop a hacker is to think like one / _c[Ryan Russell ... [et al.]]. |
| 260 |
_aRockland, Mass. ; _a[Great Britain] : _bSyngress, _cc2001. |
||
| 300 |
_axxvi, 650 p. : _bill. |
||
| 500 | _aIncludes index. | ||
| 533 |
_aElectronic reproduction. _bPalo Alto, Calif. : _cebrary, _d2013. _nAvailable via World Wide Web. _nAccess may be limited to ebrary affiliated libraries. |
||
| 650 | 0 |
_aElectronic commerce _xSecurity measures. |
|
| 650 | 0 | _aComputer security. | |
| 650 | 0 |
_aInternet _xSecurity measures. |
|
| 655 | 7 |
_aElectronic books. _2local |
|
| 700 | 1 |
_aRussell, Ryan, _d1969- |
|
| 710 | 2 | _aebrary, Inc. | |
| 856 | 4 | 0 |
_uhttp://site.ebrary.com/lib/rucke/Doc?id=10007042 _zAn electronic book accessible through the World Wide Web; click to view |
| 999 |
_c396 _d396 |
||